Regia teatrale (La) (Record n. 51583)
[ formato base ]
| 000 -LEADER | |
|---|---|
| fixed length control field | 01072nam a2200301Ia 4500 |
| 001 - CONTROL NUMBER | |
| control field | 1934 |
| 003 - CONTROL NUMBER IDENTIFIER | |
| control field | IT-RoPAU |
| 008 - FIXED-LENGTH DATA ELEMENTS--GENERAL INFORMATION | |
| fixed length control field | 130308s9999 xx 000 0 und d |
| 040 ## - CATALOGING SOURCE | |
| Original cataloging agency | IT-RoPAU |
| 040 ## - CATALOGING SOURCE | |
| Transcribing agency | IT-RoPAU |
| 041 ## - LANGUAGE CODE | |
| Language code of text/sound track or separate title | ITALIANO |
| 999 ## - SYSTEM CONTROL NUMBERS (KOHA) | |
| Koha Dewey Subclass [OBSOLETE] | SI |
| 100 ## - MAIN ENTRY--PERSONAL NAME | |
| Personal name | Ferrieri Enzo |
| 100 ## - MAIN ENTRY--PERSONAL NAME | |
| Miscellaneous information | Codice Aut. SPICS: 6688 |
| 245 ## - TITLE STATEMENT | |
| Title | Regia teatrale (La) |
| 245 ## - TITLE STATEMENT | |
| Remainder of title | Regia (La)-Volume I |
| 250 ## - EDITION STATEMENT | |
| Edition statement | 1a ed. |
| 260 ## - PUBLICATION, DISTRIBUTION, ETC. (IMPRINT) | |
| Place of publication, distribution, etc. | TORINO |
| 260 ## - PUBLICATION, DISTRIBUTION, ETC. (IMPRINT) | |
| Name of publisher, distributor, etc. | ERI - Edizioni Rai |
| 260 ## - PUBLICATION, DISTRIBUTION, ETC. (IMPRINT) | |
| Date of publication, distribution, etc. | 1955 [1° Ed.:1955 - Ed.Ling.Originale:1955] |
| 300 ## - PHYSICAL DESCRIPTION | |
| Extent | "95 p. (prefazione: no ; testo: 95 [pagine: 51-146])" |
| 500 ## - GENERAL NOTE | |
| General note | Teatro Realistico Freie Buhne Andre' Antoine Teatro Verista in Italia Teatro d'arte di Mosca Craig Appia Meyerhold Tairov Vachtangov Teatro in Germania Reinhardt Espressionismo Brecht Piscator copeau Jouvet Dullin Baty Pitoeff Vilar Barrault comedie Francaise Balletti russi Teatri a Londra regia in Italia regia Sovietica |
| 650 ## - SUBJECT ADDED ENTRY--TOPICAL TERM | |
| Topical term or geographic name as entry element | REGIA CINEMATOGRAFICA |
| 650 ## - SUBJECT ADDED ENTRY--TOPICAL TERM | |
| Relator term | Codice materia Spics: 6803 |
| 942 ## - ADDED ENTRY ELEMENTS (KOHA) | |
| Koha item type | LIBRO |
| 957 ## - | |
| -- | 1 |
| 999 ## - SYSTEM CONTROL NUMBERS (KOHA) | |
| -- | 1 |
| Withdrawn status | Lost status | Damaged status | Not for loan | Home library | Current library | Date acquired | Total Checkouts | Full call number | Date last seen | Price effective from | Koha item type | Public note |
|---|---|---|---|---|---|---|---|---|---|---|---|---|
| Buone Condizioni | Not For Loan | SPICS-MEDIATECA | SPICS-MEDIATECA | 08/03/2013 | 1934 | 08/03/2013 | 08/03/2013 | LIBRO | Progressivo inserimento: 32714 / N. Volumi: 0 [=Contributo] Copie: 1 Copia Rara: SI / data import: 1 marzo 2013 - By Epidotti, Trombetti, Vaglietti. |